Statistiques concernant top 5 des trophées NBA 2000-2009

Cliquez ici pour prendre le quiz!

Statistiques générales

  • Ce quiz a été pris 82 fois
  • Le résultat moyen est 99 sur 255

Statistiques - réponses

annéesTrophéeclassementjoueuréquipe% Correct
2009MVP1LeBron JamesCavaliers
98%
5LeBron JamesCavaliers
98%
2LeBron JamesCavaliers
98%
4LeBron JamesCavaliers
98%
ROY1LeBron JamesCavaliers
98%
2LeBron JamesCavaliers
98%
2Shaquille O'NealHeat
94%
3Shaquille O'NealLakers
94%
3Shaquille O'NealLakers
94%
5Shaquille O'NealLakers
94%
2000MVP1Shaquille O'NealLakers
94%
2Shaquille O'NealLakers
94%
MIP1Jermaine O'NealPacers
92%
3Jermain O'NealPacers
92%
5 bisKobe BryantLakers
92%
3Kobe BryantLakers
92%
5Kobe BryantLakers
92%
5Kobe BryantLakers
92%
4Kobe BryantLakers
92%
2008MVP1Kobe BryantLakers
92%
5Kobe BryantLakers
92%
3 bisKobe BryantLakers
92%
3Kobe BryantLakers
92%
2Kobe BryantLakers
92%
4Tim DuncanSpurs
91%
2Tim DuncanSpurs
91%
4Tim DuncanSpurs
91%
2003MVP1Tim DuncanSpurs
91%
4Tim DuncanSpurs
91%
3Tim DuncanSpurs
91%
4Tim DuncanSpurs
91%
3Tim DuncanSpurs
91%
5Tim DuncanSpurs
91%
2Tim DuncanSpurs
91%
2002MVP1Tim DuncanSpurs
91%
2Kevin GarnettTimberwolves
86%
3Kevin GarnettTimberwolves
86%
DPOY1Kevin GarnettCeltics
86%
2Kevin GarnettTimberwolves
86%
3Kevin GarnettCeltics
86%
2004MVP1Kevin GarnettTimberwolves
86%
2Kevin GarnettTimberwolves
86%
2Kevin GarnettTimberwolves
86%
5Kevin GarnettTimberwolves
86%
3Steve NashMavericks
85%
2Steve NashSuns
85%
2006MVP1Steve NashSuns
85%
3Steve NashMavericks
85%
2005MVP1Steve NashSuns
85%
3Dwyane WadeHeat
82%
2Dwyane WadeHeat
82%
3Dwyane WadeHeat
82%
3Dwyane WadeHeat
82%
5Allen Iverson76ers
80%
2001MVP1Allen Iverson76ers
80%
5 bisDirk NowitzkiMavericks
73%
2Dirk NowitzkiMavericks
73%
3Dirk NowitzkiMavericks
73%
2007MVP1Dirk NowitzkiMavericks
73%
3Dirk NowitzkiMavericks
73%
2Ben WallacePistons
71%
DPOY1Ben WallacePistons
71%
5 bisBen WallacePistons
71%
DPOY1Ben WallacePistons
71%
DPOY1Ben WallacePistons
71%
DPOY1Ben WallacePistons
71%
2Ben WallacePistons
71%
4Gerald WallaceBobcats
71%
4Tony ParkerSpurs
70%
ROY1Kevin DurantSonics
68%
3Kevin DurantThunder
68%
2Carmelo AnthonyNuggets
65%
ROY1Chris PaulHornets
64%
2Chris PaulHornets
64%
5Chris PaulHornets
64%
4Karl MaloneJazz
64%
5Dwight HowardMagic
62%
4Dwight HowardMagic
62%
DPOY1Dwight HowardMagic
62%
3Dwight HowardMagic
62%
2Jason KiddNets
61%
ROY1Derrick RoseBulls
58%
MIP1Jalen RosePacers
58%
4Malik RoseSpurs
58%
4Manu GinobiliSpurs
56%
6MOY1Manu GinobiliSpurs
56%
3Manu GinobiliSpurs
56%
2Manu GinobiliSpurs
56%
DPOY1Alonzo MourningHeat
55%
3Alonzo MourningHeat
55%
5Tracy McGradyRaptors
53%
MIP1Tracy McGradyMagic
53%
3 bisTracy McGradyRaptors
53%
4Tracy McGradyMagic
53%
4Tracy McGradyMagic
53%
5Chauncey BillupsPistons
52%
5Chris BoshRaptors
52%
5Chris BoshRaptors
52%
5 bisDavid RobinsonSpurs
52%
3Nate RobinsonKnicks
52%
ROY1Pau GasolGrizzlies
52%
5 bisGary PaytonSonics
48%
5Gary PaytonSonics
48%
3 bisDikembe MutomboHawks
47%
DPOY1Dikembe MutomboHawks - 76ers
47%
3 bisDikembe Mutombo76ers
47%
2David WestHornets
45%
2Yao MingRockets
44%
ROY1Amar'e StoudemireSuns
42%
4Russell WestbrookThunder
42%
4Chris WebberKings
41%
3Deron WilliamsJazz
39%
5Jerome WilliamsPistons
39%
MIP1Boris DiawSuns
32%
4Andre MillerCavaliers
30%
ROY1Mike MillerMagic
30%
6MOY1Mike MillerGrizzlies
30%
ROY1Brandon RoyTrail Blazers
27%
4Bruce BowenSpurs
26%
2Bruce BowenSpurs
26%
2Bruce BowenSpurs
26%
4Bruce BowenSpurs
26%
2Bruce BowenSpurs
26%
2J.R. SmithNuggets
26%
5 bisJ.R. SmithHornets
26%
3LaMarcus AldridgeTrail Blazers
26%
5Rajon RondoCeltics
26%
5 bisBaron DavisHornets
24%
2Ricky DavisCeltics
24%
5Ricky DavisCavaliers
24%
5Shawn MarionSuns
24%
4Shawn MarionSuns
24%
4Shawn MarionSuns
24%
6MOY1Jason TerryMavericks
23%
3Jason TerryMavericks
23%
5Metta World PeaceBulls
23%
5Metta World PeaceRockets
23%
2Metta World PeacePacers
23%
DPOY1Metta World PeacePacers
23%
4Metta World PeacePacers - Kings
23%
2Peja StojakovicKings
23%
4Peja StojakovicKings
23%
3Marcus CambyNuggets
21%
DPOY1Marcus CambyNuggets
21%
5Marcus CambyNuggets
21%
2Marcus CambyNuggets
21%
3Andrei KirilenkoJazz
18%
4Andrei KirilenkoJazz
18%
3Andrei KirilenkoJazz
18%
3 bisAndrei KirilenkoJazz
18%
5Andrei KirilenkoJazz
18%
3Caron ButlerHeat
18%
MIP1Gilbert ArenasWarriors
17%
3LaPhonso EllisTimberwolves
17%
MIP1Monta EllisWarriors
17%
4Tyson ChandlerHornets
17%
MIP1Zach RandolphTrail Blazers
17%
2Bobby JacksonKings
15%
4Bobby JacksonKings
15%
4Bobby JacksonKings
15%
6MOY1Bobby JacksonKings
15%
3Brook LopezNets
15%
ROY1 bisElton BrandBulls
15%
3Marc JacksonWarriors
15%
2Tim ThomasBucks
15%
5Ben GordonBulls
14%
6MOY1Ben GordonBulls
14%
2Ben GordonBulls
14%
2Carlos BoozerCavaliers
14%
5Eric GordonClippers
14%
3Andrew BogutBucks
12%
3 bisEddie JonesHornets
12%
2Kenyon MartinNets
12%
2Kevin MartinKings
12%
5 bisLuol DengBulls
12%
1 bisSteve FrancisRockets
12%
4Al JeffersonTimberwolves
11%
4David LeeKnicks
11%
ROY1Emeka OkaforBobcats
11%
MIP1Hedo TurkogluMagic
11%
2Richard JeffersonNets
11%
3Shane BattierRockets
11%
4Shane BattierRockets
11%
5Shane BattierRockets
11%
3Tayshaun PrincePistons
11%
2Al HorfordHawks
9%
2Andrea BargnaniRaptors
9%
4Andre Iguodala76ers
9%
MIP1Danny GrangerPacers
9%
4Kirk HinrichBulls
9%
3Lamar OdomClippers
9%
4Lamar OdomLakers
9%
6MOY1Leandro BarbosaSuns
8%
2Leandro BarbosaSuns
8%
3Luis ScolaRockets
8%
3Rudy GayGrizzlies
8%
2Rudy GayGrizzlies
8%
6MOY1Antawn JamisonMavericks
6%
3 bisJason RichardsonWarriors
6%
4Kyle Korver76ers - Jazz
6%
5Kyle Korver76ers
6%
2O.J. MayoGrizzlies
6%
4Paul MillsapJazz
6%
3Quentin RichardsonClippers
6%
6MOY1Aaron McKie76ers
5%
5Brent BarrySonics
5%
5Doug ChristieKings
5%
4Doug ChristieKings
5%
2Michael ReddBucks
5%
5Michael ReddBucks
5%
5NenêNuggets
5%
6MOY1Corliss WilliamsonPistons
3%
5Corliss WilliamsonPistons
3%
4 bisDarius MilesClippers
3%
5 bisDesmond MasonSonics
3%
2Devin HarrisNets
3%
3James PoseyGrizzlies
3%
3Jerry StackhouseMavericks
3%
3Jerry StackhousePistons
3%
3Jerry StackhouseMavericks
3%
4Jerry StackhouseMavericks
3%
4Jerry StackhousePistons
3%
4 bisMorris PetersonRaptors
3%
3Theo RatliffHawks - Trail Blazers
3%
4Adam MorrisonBobcats
2%
2Al HarringtonPacers
2%
4Antonio McDyessPistons
2%
MIP1Bobby SimmonsClippers
2%
3 bisCedric CeballosMavericks
2%
5Channing FryeKnicks
2%
5Drew GoodenGrizzlies-Magic
2%
5Travis BestPacers
2%
4Al ThorntonClippers
0%
5Andris BiedrinsWarriors
0%
4Austin CrosherePacers
0%
2Charlie VillanuevaRaptors
0%
2Cuttino MobleyRockets
0%
5Dan DickauMavericks - Hornets
0%
3Earl BoykinsNuggets
0%
5Earl BoykinsNuggets
0%
5Earl BoykinsNuggets
0%
3 bisJamaal TinsleyPacers
0%
5Jamario MoonRaptors
0%
2Matt HarpringJazz
0%
3Nenad KrsticNets
0%
4Nick Van ExelMavericks
0%
4Primoz BrezecBobcats
0%
5Randy FoyeTimberwolves
0%
4Raymond FeltonBobcats
0%
6MOY1Rodney RodgersSuns
0%
2Speedy ClaxtonHornets
0%
5Travis OutlawTrail Blazers
0%
5 bisTroy HudsonMagic
0%
3Troy MurphyWarriors
0%
5Vladimir RadmanovicSonics
0%

Distribution des résultats

Percentile par nombre de réponses

% des personnes avec chaque résultat

Votre développement - résultats

Vous n’avez pas pris ce quiz